[Event "La Zubia op"]
[Site "La Zubia"]
[Date "2023.12.07"]
[Round "1"]
[White "Lopez Nieto, Jose Manuel"]
[Black "Casares Ortega, Francisco"]
[Result "1-0"]
[WhiteElo "2046"]
[BlackElo "1528"]
[PlyCount "54"]
[EventDate "2023.12.07"]
[EventType "swiss"]
[EventRounds "7"]
[EventCountry "ESP"]
[SourceTitle "CB50_2023"]
[SourceDate "2023.12.13"]
[SourceVersion "1"]
[SourceVersionDate "2023.12.13"]
[SourceQuality "1"]

1. e4 g6 2. d4 Bg7 3. Nc3 d6 4. Be3 Nf6 5. Nf3 Bg4 6. h3 Bxf3 7. Qxf3 Nc6 8. Bb5 0-0 9. 0-0 Nd7 10. Qd1 e5 11. dxe5 Ndxe5 12. Qd2 a6 13. Be2 Re8 14. Rad1 Nd7 15. f3 Nf6 16. Nd5 Nxd5 17. Qxd5 Nb4 18. Qb3 a5 19. c3 Nc6 20. Qxb7 Ne5 21. Qd5 Qh4 22. Kh2 c6 23. Qd2 d5 24. Bg5 Qh5 25. f4 Nc4 26. Bxc4 dxc4 27. g4 Bf8 1-0

[Event "ESP-ch Rapid"]
[Site "Linares"]
[Date "2023.08.19"]
[Round "5"]
[White "Masague Artero, Guerau"]
[Black "Lopez Nieto, Jose Manuel"]
[Result "1-0"]
[WhiteElo "2296"]
[BlackElo "2046"]
[PlyCount "101"]
[EventDate "2023.08.19"]
[EventType "swiss (rapid)"]
[EventRounds "10"]
[EventCountry "ESP"]
[SourceTitle "CBM 215 Extra"]
[Source "ChessBase"]
[SourceDate "2023.09.30"]
[SourceVersion "1"]
[SourceVersionDate "2023.09.30"]
[SourceQuality "1"]

1. d4 d5 2. c4 e5 3. dxe5 d4 4. Nf3 Nc6 5. a3 Nge7 6. b4 Ng6 7. Bb2 a5 8. b5 Ncxe5 9. Nxe5 Nxe5 10. e3 Bg4 11. Qxd4 Qxd4 12. Bxd4 f6 13. Nc3 0-0-0 14. f4 Nd7 15. Na4 b6 16. Be2 Bf5 17. Kf2 Bc2 18. Nc3 Nc5 19. Nd5 Nb3 20. Ra2 Be4 21. Rd1 Bxd5 22. cxd5 Nxd4 23. Rxd4 Bc5 24. Rd3 Rhe8 25. Bf3 Kd7 26. Bg4+ Kd6 27. Be6 g6 28. Kf3 Ke7 29. e4 Kf8 30. Rc3 Bd6 31. a4 Kg7 32. Rac2 Re7 33. h4 h6 34. Re2 Rf8 35. Rc6 g5 36. g3 Rd8 37. e5 fxe5 38. fxe5 Rf8+ 39. Kg4 Ba3 40. hxg5 hxg5 41. Rec2 Bc5 42. Rh2 Rh8 43. Rxh8 Kxh8 44. Kxg5 Kg7 45. g4 Kf8 46. Kf6 Bf2 47. d6 Bh4+ 48. Kf5 cxd6 49. exd6 Rb7 50. Rc8+ Kg7 51. d7 1-0

[Event "Rutas de Cuenca op 6th"]
[Site "Cuenca"]
[Date "2019.07.21"]
[Round "7"]
[White "Sanchez Carrasco, Francesco Javier"]
[Black "Lopez Nieto, Jose Manuel"]
[Result "1-0"]
[WhiteElo "2034"]
[BlackElo "2015"]
[PlyCount "44"]
[EventDate "2019.07.19"]
[EventType "swiss"]
[EventRounds "7"]
[EventCountry "ESP"]
[SourceTitle "CBM 195 Extra"]
[Source "ChessBase"]
[SourceDate "2020.05.31"]
[SourceVersion "1"]
[SourceVersionDate "2020.05.31"]
[SourceQuality "1"]

1. g3 Nf6 2. Bg2 e6 3. b3 d5 4. Bb2 Be7 5. Nf3 0-0 6. 0-0 c5 7. c4 d4 8. b4 Nc6 9. b5 Nb8 10. e3 dxe3 11. dxe3 Nfd7 12. Nbd2 Bf6 13. Qc2 Nb6 14. a4 a5 15. Bxf6 Qxf6 16. Ne4 Qe7 17. Rfd1 N8d7 18. Nd6 Rd8 19. Rd2 Nf6 20. Rad1 Nbd7 21. Ng5 Rf8 22. Nxc8 Raxc8 1-0

[Event "Rutas de Cuenca op 6th"]
[Site "Cuenca"]
[Date "2019.07.20"]
[Round "4"]
[White "Delgado Alarcon, Jesus Francisco"]
[Black "Lopez Nieto, Jose Manuel"]
[Result "0-1"]
[WhiteElo "2082"]
[BlackElo "2015"]
[PlyCount "66"]
[EventDate "2019.07.19"]
[EventType "swiss"]
[EventRounds "7"]
[EventCountry "ESP"]
[SourceTitle "CBM 195 Extra"]
[Source "ChessBase"]
[SourceDate "2020.05.31"]
[SourceVersion "1"]
[SourceVersionDate "2020.05.31"]
[SourceQuality "1"]

1. d4 Nf6 2. f4 g6 3. Nf3 Bg7 4. e3 0-0 5. c3 d6 6. Bc4 Qe8 7. 0-0 b5 8. Bb3 Bb7 9. Nbd2 Nbd7 10. a4 a6 11. axb5 axb5 12. Rxa8 Qxa8 13. Qe2 c5 14. Ng5 c4 15. Bc2 e5 16. f5 exd4 17. exd4 Re8 18. Qf2 h6 19. Nxf7 Kxf7 20. fxg6+ Kg8 21. Bf5 Nf8 22. Nb1 Be4 23. Na3 Bxf5 24. Qxf5 Re2 25. Rf2 Re1+ 26. Rf1 Qe8 27. Qxb5 Rxc1 28. Qxc4+ d5 29. Qd3 Rxf1+ 30. Kxf1 Nxg6 31. b4 Ng4 32. h3 Qf7+ 33. Qf3 Nh2+ 0-1

[Event "Andalucia-chA"]
[Site "Roquetas de Mar"]
[Date "2017.05.20"]
[Round "5"]
[White "Lopez Nieto, Jose Manuel"]
[Black "Maranon Canton, Antonio"]
[Result "0-1"]
[WhiteElo "1824"]
[BlackElo "1865"]
[PlyCount "58"]
[EventDate "2017.05.13"]
[EventType "swiss"]
[EventRounds "8"]
[EventCountry "ESP"]
[SourceTitle "EXT 2020"]
[Source "ChessBase"]
[SourceDate "2019.10.17"]
[SourceVersion "1"]
[SourceVersionDate "2019.10.17"]
[SourceQuality "1"]

1. e4 d6 2. d4 Nf6 3. Nc3 g6 4. f4 Bg7 5. Nf3 0-0 6. Bd3 c5 7. d5 e6 8. 0-0 exd5 9. exd5 Na6 10. Bc4 Bf5 11. a3 Nc7 12. Bd3 Qd7 13. Bxf5 Qxf5 14. Nh4 Qg4 15. Qxg4 Nxg4 16. Nf3 Rfe8 17. Rd1 Ne3 18. Bxe3 Rxe3 19. Kf2 Rae8 20. Rab1 b6 21. Ne5 Rxc3 22. bxc3 dxe5 23. d6 Ne6 24. a4 exf4 25. a5 bxa5 26. Rb7 Bxc3 27. Rxa7 Rd8 28. d7 Kf8 29. Kf3 Ke7 0-1